[Event "Yerevan"]
[Site "Yerevan"]
[Date "1996.??.??"]
[Round "2"]
[White "Akopian, Vladimir"]
[Black "Ehlvest, Jaan"]
[Result "1/2-1/2"]
[WhiteElo "2620"]
[BlackElo "2660"]
[PlyCount "90"]
[EventDate "1996.04.??"]
[Source "ChessBase"]

1. Nf3 g6 2. e4 d6 3. d4 Nf6 4. Bd3 Bg7 5. O-O O-O 6. c3 c5 7. Nbd2 cxd4 8. cxd4 Nc6 9. a3 e5 10. d5 Ne7 11. a4 Ne8 12. b3 f5 13. Ba3 Kh8 14. Nc4 Ng8 15. Qc2 Rf7 16. Rac1 f4 17. Qd2 g5 18. Qa5 b6 19. Nxb6 Qxb6 20. Nxg5 Rf6 21. Qxb6 axb6 22. Bb5 h6 23. Nf3 Ba6 24. Bxa6 Rxa6 25. Rc8 Rf8 26. Rb8 Ngf6 27. Nh4 Kh7 28. f3 Nd7 29. Rb7 Nc5 30. Bxc5 dxc5 31. Nf5 Rxf5 32. exf5 Nd6 33. Rc7 Nxf5 34. Rd1 Nd6 35. Rd7 b5 36. axb5 Rb6 37. Rc1 Kg6 38. Rxc5 Bf8 39. Rc6 Rxb5 40. Rcxd6+ Bxd6 41. Rxd6+ Kg5 42. Rd8 Rxb3 43. d6 Kf6 44. Rh8 Rd3 45. Kf2 Kf5 1/2-1/2

[Event "Bastia"]
[Site "?"]
[Date "2006.11.05"]
[Round "1.4"]
[White "Motylev Alexander"]
[Black "Gagunashvili Merab"]
[Result "1/2-1/2"]
[WhiteElo "2662"]
[BlackElo "2611"]
[PlyCount "85"]
[EventDate "2006.??.??"]
[Source "www.chesslib.no"]
[SourceDate "2004.05.04"]

1. e4 d6 2. d4 Nf6 3. Nc3 e5 4. dxe5 dxe5 5. Qxd8+ Kxd8 6. Bg5 Nbd7 7. O-O-O Bd6 8. f3 a6 9. Nh3 h6 10. Bh4 Ke8 11. Nf2 b6 12. a3 Bb7 13. Bc4 Ke7 14. Bd5 Bxd5 15. Nxd5+ Ke6 16. Rhe1 c6 17. Ne3 Rhd8 18. Nf5 Bf8 19. Ng4 h5 20. Nxf6 Nxf6 21. Bf2 b5 22. Bb6 Rxd1+ 23. Rxd1 g6 24. Ng3 Rb8 25. Be3 Be7 26. Nf1 Rd8 27. Rxd8 Bxd8 28. Nd2 Nd7 29. c4 f5 30. Kc2 Bb6 31. Bxb6 Nxb6 32. c5 Nd7 33. b4 f4 34. Nb3 Nf6 35. Na5 Kd7 36. Nb7 Ne8 37. Kd3 g5 38. h3 Kc7 39. Na5 h4 40. Kc3 Kd7 41. Kd3 Nf6 42. Nb7 Ne8 43. Na5 1/2-1/2

[Event "Madrid ESP"]
[Site "Madrid ESP"]
[Date "1995.??.??"]
[Round "5"]
[White "Timman, Jan Hein"]
[Black "Polgar, Judit"]
[Result "0-1"]
[WhiteElo "2635"]
[BlackElo "2630"]
[PlyCount "60"]
[EventDate "1995.??.??"]
[Source "www.chesslib.no"]
[SourceDate "2004.05.04"]

1. d4 Nf6 2. Nf3 g6 3. g3 Bg7 4. Bg2 O-O 5. O-O d6 6. Nc3 Nbd7 7. e4 e5 8. h3 c6 9. Re1 b5 10. dxe5 dxe5 11. Qd6 Bb7 12. Bg5 Re8 13. Rad1 Qb6 14. Be3 Qa5 15. a3 Rad8 16. Nd2 Bf8 17. Nb3 Qa6 18. Qd3 Bc8 19. Rd2 Qb7 20. Red1 Nb6 21. Qe2 Rxd2 22. Nxd2 Be6 23. f4 Bg7 24. Qf2 Qc8 25. Kh2 Qa6 26. Kh1 Nh5 27. Qe1 Qa5 28. Bf2 Re7 29. Be3 Kh8 30. fxe5 Nf6 0-1

[Event "Barcelona"]
[Site "?"]
[Date "1992.??.??"]
[Round "?"]
[White "Sokolov, I."]
[Black "Gurevich, M."]
[Result "1/2-1/2"]
[WhiteElo "2630"]
[BlackElo "2635"]
[PlyCount "55"]
[EventDate "1992.??.??"]
[Source "ChessBase"]
[SourceDate "1992.02.01"]

1. d4 d6 2. e4 Nf6 3. Nc3 g6 4. Bg5 Bg7 5. Qd2 Nc6 6. Bb5 Bd7 7. f3 e5 8. Nge2 h6 9. Be3 a6 10. Bxc6 Bxc6 11. O-O-O Qe7 12. g4 exd4 13. Bxd4 O-O-O 14. Nf4 Qf8 15. Rhe1 Kb8 16. Nce2 Nd7 17. Qc3 Be5 18. Nd3 f5 19. f4 fxe4 20. Nb4 Bxf4+ 21. Kb1 Ne5 22. Rf1 g5 23. Nxc6+ bxc6 24. Qb3+ Kc8 25. Qe6+ Kb7 26. Qb3+ Kc8 27. Qa4 Kb7 28. Qb3+ 1/2-1/2

[Event "Las Palmas"]
[Site "?"]
[Date "1993.??.??"]
[Round "?"]
[White "Yusupov, A."]
[Black "Christiansen, L."]
[Result "1-0"]
[WhiteElo "2645"]
[BlackElo "2620"]
[PlyCount "93"]
[EventDate "1993.??.??"]
[Source "ChessBase"]
[SourceDate "1993.06.01"]

1. d4 d6 2. e4 Nf6 3. f3 e5 4. dxe5 dxe5 5. Qxd8+ Kxd8 6. Bc4 Be6 7. Bxe6 fxe6 8. Nh3 Bc5 9. Nf2 Bxf2+ 10. Kxf2 Nc6 11. Be3 Ke7 12. Na3 a6 13. c3 Rhd8 14. Ke2 h6 15. Nc2 Rd7 16. Rhd1 Rad8 17. Rxd7+ Rxd7 18. Ne1 Ne8 19. Nd3 Nd6 20. Bf2 b6 21. Bg3 Nf7 22. a4 a5 23. Rc1 Kf6 24. b4 Rd8 25. b5 Ne7 26. Bf2 Rb8 27. c4 c5 28. Nxc5 bxc5 29. Bxc5 Nd8 30. Bd6 Rb7 31. Rd1 Ndc6 32. bxc6 Nxc6 33. Bc5 Rb2+ 34. Rd2 Rb3 35. Rd6 Ne7 36. Bb6 Ng6 37. Bxa5 Nf4+ 38. Kd2 Nxg2 39. c5 Ne3 40. Bd8+ Kf7 41. Rd3 Nc4+ 42. Kc2 Rb8 43. c6 Ke8 44. c7 Ra8 45. Rc3 Nb6 46. a5 Rxa5 47. c8=Q 1-0

[Event "FRA-chT1"]
[Site "Montpellier"]
[Date "2002.02.01"]
[Round "1.1"]
[White "Dreev, Alexey"]
[Black "Illescas Cordoba, Miguel"]
[Result "1-0"]
[WhiteElo "2683"]
[BlackElo "2580"]
[PlyCount "59"]
[EventDate "2002.02.??"]
[Source "ChessBase"]
[SourceDate "2002.03.14"]

1. d4 d6 2. e4 Nf6 3. f3 e5 4. d5 Be7 5. Be3 Nh5 6. c4 a5 7. Nc3 Na6 8. g3 g6 9. Qd2 f5 10. exf5 gxf5 11. f4 O-O 12. Nh3 Qe8 13. Be2 Qg6 14. O-O-O Nf6 15. Nf2 Ng4 16. Nxg4 fxg4 17. fxe5 dxe5 18. h3 Rf3 19. Bxf3 gxf3 20. g4 Bd7 21. Qc2 Qg7 22. Rhf1 Rf8 23. Qe4 Qf6 24. d6 cxd6 25. Nd5 Qe6 26. Rxf3 Rc8 27. Nxe7+ Qxe7 28. Qd5+ Be6 29. Qxd6 Qe8 30. Rf8+ 1-0

[Event "It (cat.16)"]
[Site "?"]
[Date "1997.??.??"]
[Round "12"]
[White "Piket Jeroen"]
[Black "Glek Igor V"]
[Result "1/2-1/2"]
[WhiteElo "2640"]
[BlackElo "2620"]
[PlyCount "52"]
[EventDate "1997.??.??"]
[Source "www.chesslib.no"]
[SourceDate "2004.05.04"]

1. d4 d6 2. e4 Nf6 3. Nc3 g6 4. Be3 c6 5. h3 Bg7 6. a4 O-O 7. a5 d5 8. e5 Ne4 9. Nxe4 dxe4 10. Bc4 c5 11. dxc5 Qc7 12. e6 f5 13. c3 f4 14. Bd4 Nc6 15. Ra4 Rd8 16. Ba2 Ne5 17. Qc2 Nd3+ 18. Kf1 Qc6 19. Ne2 Nxb2 20. Nc1 Qxa4 21. Bb3 Qxa5 22. g3 Bh6 23. Kg2 Bxe6 24. Kh2 Bf7 25. Kg1 Kf8 26. Kf1 Ke8 1/2-1/2

[Event "Wijk aan Zee"]
[Site "?"]
[Date "1997.??.??"]
[Round "?"]
[White "Piket, Je"]
[Black "Glek, I."]
[Result "1/2-1/2"]
[WhiteElo "2640"]
[BlackElo "2620"]
[PlyCount "112"]
[EventDate "1997.??.??"]
[Source "ChessBase"]
[SourceDate "1996.10.01"]

1. d4 d6 2. e4 Nf6 3. Nc3 g6 4. Be3 c6 5. h3 Bg7 6. a4 O-O 7. a5 d5 8. e5 Ne4 9. Nxe4 dxe4 10. Bc4 c5 11. dxc5 Qc7 12. e6 f5 13. c3 f4 14. Bd4 Nc6 15. Ra4 Rd8 16. Ba2 Ne5 17. Qc2 Nd3+ 18. Kf1 Qc6 19. Ne2 Nxb2 20. Qxb2 Qxa4 21. Bb3 Qxa5 22. Nxf4 Rf8 23. g3 Bh6 24. Nd5 Qd8 25. Kg2 Bxe6 26. Nc7 Bf7 27. Nxa8 Qxa8 28. Qa2 b6 29. cxb6 e3+ 30. Kh2 e5 31. Bxe5 exf2 32. Rf1 Be3 33. Bxf7+ Rxf7 34. Bd4 Bxd4 35. cxd4 Qb7 36. bxa7 Qxa7 37. Rxf2 Qxa2 38. Rxa2 Rf3 39. Ra7 Rd3 40. Rd7 Rd2+ 41. Kg1 h5 42. h4 Kf8 43. Kf1 Ke8 44. Rg7 Rxd4 45. Rxg6 Rd5 46. Rg7 Kf8 47. Rc7 Ra5 48. Rd7 Kg8 49. Kf2 Ra2+ 50. Kf3 Ra3+ 51. Kf4 Ra4+ 52. Ke3 Ra3+ 53. Rd3 Rxd3+ 54. Kxd3 Kf7 55. Ke4 Ke6 56. Kf4 Kf6 1/2-1/2

[Event "Groningen"]
[Site "?"]
[Date "1993.??.??"]
[Round "?"]
[White "Smirin, I."]
[Black "Chernin, A."]
[Result "1/2-1/2"]
[WhiteElo "2640"]
[BlackElo "2615"]
[PlyCount "115"]
[EventDate "1993.??.??"]
[Source "ChessBase"]
[SourceDate "1993.10.01"]

1. e4 d6 2. d4 Nf6 3. Bd3 e5 4. c3 d5 5. dxe5 Nxe4 6. Nf3 Nc6 7. Nbd2 Nc5 8. Bb5 Bd7 9. Qe2 a6 10. Bxc6 Bxc6 11. Nd4 Bd7 12. O-O Ne6 13. a4 c5 14. Nxe6 Bxe6 15. f4 Qd7 16. c4 Bf5 17. Ra3 d4 18. Ne4 h5 19. Ng3 Bg4 20. Qe4 Qc6 21. Qxc6+ bxc6 22. f5 h4 23. h3 Bxh3 24. gxh3 hxg3 25. Rxg3 Rb8 26. b3 Kd7 27. e6+ Ke8 28. Re1 Rb7 29. Ba3 Rh5 30. Rf3 Bd6 31. f6 gxf6 32. Rxf6 fxe6 33. Rexe6+ Be7 34. Rf3 Kd7 35. Re4 Rh7 36. Re5 Rb8 37. Bxc5 Bxc5 38. Rxc5 Rbh8 39. Kh2 Re8 40. Rg5 Re2+ 41. Kg3 Rhe7 42. Rg4 c5 43. Rg5 Kd6 44. h4 R7e3 45. Rd5+ Kc6 46. h5 Kb6 47. Rxe3 Rxe3+ 48. Kg4 Re1 49. h6 Rh1 50. Kg5 Rg1+ 51. Kf4 Rh1 52. Kg5 Rg1+ 53. Kf6 Rf1+ 54. Kg6 Rg1+ 55. Kf7 Rf1+ 56. Kg6 Rg1+ 57. Kf7 Rf1+ 58. Kg6 1/2-1/2

[Event "JUG-chT"]
[Site "Niksic"]
[Date "1997.??.??"]
[Round "5"]
[White "Georgiev, Kiril"]
[Black "Kotronias, Vasilios"]
[Result "1-0"]
[WhiteElo "2670"]
[BlackElo "2585"]
[PlyCount "105"]
[EventDate "1997.08.27"]
[Source "ChessBase"]
[SourceDate "1997.09.26"]

1. Nf3 Nf6 2. d4 g6 3. g3 Bg7 4. Bg2 O-O 5. O-O d6 6. Re1 Nbd7 7. e4 e5 8. Nc3 b6 9. b3 Bb7 10. Bb2 Re8 11. Qd2 a6 12. Rad1 exd4 13. Nxd4 Nc5 14. f3 b5 15. a3 c6 16. Kh1 Qb6 17. Nde2 a5 18. Qxd6 b4 19. axb4 axb4 20. Na4 Nxa4 21. Bxf6 Re6 22. Qd2 Bxf6 23. bxa4 Rxa4 24. f4 Ra8 25. e5 Rd8 26. Qc1 Be7 27. Rxd8+ Bxd8 28. Rd1 Bc7 29. c3 b3 30. Nd4 Re8 31. Qb1 c5 32. Nxb3 Bxg2+ 33. Kxg2 Qc6+ 34. Kf2 Rb8 35. Qc2 c4 36. Nd4 Bb6 37. Ke3 Bc5 38. f5 Re8 39. Kf4 Qc7 40. Nf3 Bf8 41. Qe4 h5 42. g4 hxg4 43. Kxg4 Qb8 44. h4 Bh6 45. Rd6 Bf8 46. Rd4 Bh6 47. h5 gxf5+ 48. Qxf5 Re6 49. Rd6 Be3 50. Ng5 Bxg5 51. Rxe6 fxe6 52. Qxg5+ Kh8 53. h6 1-0

[Event "Russia 73/127"]
[Site "?"]
[Date "1998.??.??"]
[Round "?"]
[White "Fedorov, Alexei"]
[Black "Khalifman, Alexander"]
[Result "1-0"]
[WhiteElo "2595"]
[BlackElo "2660"]
[PlyCount "67"]
[EventDate "1998.??.??"]
[Source "ChessBase"]
[SourceDate "1998.06.01"]

1. e4 d6 2. d4 Nf6 3. Bd3 e5 4. c3 d5 5. dxe5 Nxe4 6. Nf3 Nc6 7. Nbd2 Nc5 8. Bb1 Bg4 9. b4 Ne6 10. Qa4 Bh5 11. O-O Be7 12. b5 Nb8 13. Nd4 Nd7 14. f4 Bc5 15. Bb2 Nb6 16. Qc2 Be2 17. Rf2 Bxb5 18. f5 Ba4 19. Qd3 Ng5 20. Qg3 Qe7 21. f6 gxf6 22. exf6 Qe1+ 23. Nf1 Ne4 24. Bxe4 Qxe4 25. Nd2 Qg6 26. Qxc7 Rc8 27. Re1+ Kf8 28. Qxb7 Qg4 29. N2b3 Bxb3 30. axb3 Qd7 31. Qa6 h5 32. Ba3 Qd6 33. Rfe2 Kg8 34. Re8+ 1-0

[Event "6. EICC"]
[Site "?"]
[Date "2005.07.01"]
[Round "13"]
[White "Malakhov Vladimir"]
[Black "Socko Bartosz"]
[Result "1/2-1/2"]
[WhiteElo "2670"]
[BlackElo "2583"]
[PlyCount "59"]
[EventDate "2005.??.??"]
[Source "www.chesslib.no"]
[SourceDate "2004.05.04"]

1. g3 Nf6 2. Bg2 g6 3. d4 Bg7 4. e4 d6 5. Ne2 O-O 6. Nbc3 e5 7. h3 Nbd7 8. O-O b6 9. Be3 Bb7 10. g4 h5 11. g5 Nh7 12. h4 f6 13. f4 fxg5 14. fxg5 exd4 15. Nxd4 Qe7 16. Qe2 Ne5 17. Kh1 c5 18. Nb3 Ng4 19. Bg1 Rae8 20. Qc4+ Kh8 21. Nd2 Be5 22. Qd3 Rxf1 23. Rxf1 Nf8 24. Nd5 Qg7 25. c3 Ne6 26. Bh3 Bxd5 27. exd5 Nf4 28. Qf3 Nxh3 29. Qxh3 Rf8 30. Qd3 1/2-1/2

[Event "It (cat.14)"]
[Site "Wijk aan Zee (Netherlands)"]
[Date "2007.01.16"]
[Round "4"]
[White "L'ami Erwin (NED)"]
[Black "Bologan Viktor (MDA)"]
[Result "1/2-1/2"]
[WhiteElo "2594"]
[BlackElo "2658"]
[PlyCount "223"]
[EventDate "2007.??.??"]
[Source "www.chesslib.no"]
[SourceDate "2004.05.04"]

1. d4 d6 2. e4 Nf6 3. f3 e5 4. dxe5 dxe5 5. Qxd8+ Kxd8 6. Bc4 Ke8 7. Be3 Nbd7 8. Ne2 a5 9. a3 Bc5 10. Kf2 Bxe3+ 11. Kxe3 Nb6 12. Nd2 a4 13. Nc1 Nxc4+ 14. Nxc4 Nd7 15. Nd3 f6 16. b4 axb3 17. cxb3 Nf8 18. Rhc1 Ne6 19. g3 b6 20. f4 exf4+ 21. gxf4 Rf8 22. f5 Nd8 23. a4 Rf7 24. a5 bxa5 25. Rxa5 Rb8 26. Nd2 Re7 27. Rac5 c6 28. Kd4 Ba6 29. Nf4 Bb5 30. R5c3 Nf7 31. Rg3 Rd8+ 32. Kc3 Ng5 33. Re3 g6 34. fxg6 hxg6 35. Nxg6 Rh7 36. h4 Ne6 37. Rg1 Kf7 38. Nc4 Bxc4 39. Kxc4 Rh6 40. Reg3 Rd4+ 41. Kc3 Rxe4 42. Ra1 f5 43. Ra7+ Kf6 44. Ne7 Rhxh4 45. Rg6+ Kf7 46. Rg3 Kf6 47. Rg6+ Ke5 48. Nxc6+ Kf4 49. Ra1 Rh3+ 50. Kb2 Rf3 51. Rc1 Rf2+ 52. Ka3 Nc7 53. Nb4 Nb5+ 54. Ka4 Na7 55. Ka5 Rf3 56. Nd5+ Ke5 57. Nf6 Re2 58. Rc5+ Kd4 59. Rc4+ Kd3 60. Kb6 Rb2 61. Kxa7 Rxb3 62. Ra4 Ke2 63. Rg2+ Kf1 64. Rga2 Kg1 65. Nd5 Rf2 66. Ra1+ Rf1 67. Rxf1+ Kxf1 68. Rf4+ Ke2 69. Rxf5 Rb2 70. Nb6 Kd3 71. Kb7 Ke4 72. Rh5 Rc2 73. Nd7 Kd4 74. Kb6 Rc1 75. Nc5 Rg1 76. Ne6+ Ke4 77. Kc6 Rd1 78. Nc7 Rc1+ 79. Kd6 Ra1 80. Re5+ Kf3 81. Nd5 Ra6+ 82. Kc5 Ra5+ 83. Kd4 Ra4+ 84. Kd3 Ra3+ 85. Nc3 Kf4 86. Re1 Kf5 87. Kd4 Ra5 88. Re8 Ra1 89. Re5+ Kg4 90. Rb5 Ra8 91. Ke3 Ra3 92. Rc5 Rb3 93. Ke4 Rb4+ 94. Ke5 Rb8 95. Rc7 Re8+ 96. Kd4 Ra8 97. Rf7 Ra1 98. Ke5 Ra5+ 99. Ke4 Kg5 100. Nd5 Ra1 101. Rg7+ Kh4 102. Nc3 Re1+ 103. Kf4 Rf1+ 104. Ke5 Ra1 105. Ne4 Kh3 106. Kf4 Rf1+ 107. Ke3 Kh4 108. Ng5 Kh5 109. Nf7 Ra1 110. Rg5+ Kh4 111. Rg6 Re1+ 112. Kf2 1/2-1/2

[Event "Open 2007"]
[Site "Miami USA"]
[Date "2007.09.30"]
[Round "9"]
[White "Shabalov, Alexander"]
[Black "Sadvakasov, Darmen"]
[Result "1/2-1/2"]
[WhiteElo "2650"]
[BlackElo "2600"]
[PlyCount "29"]
[EventDate "2007.09.26"]
[Source "www.chesslib.no"]
[SourceDate "2004.05.04"]

1. e4 d6 2. d4 Nf6 3. f3 c5 4. c3 cxd4 5. cxd4 g6 6. Nc3 Bg7 7. Bb5+ Nfd7 8. Nge2 a6 9. Bxd7+ Bxd7 10. Be3 Nc6 11. O-O Rc8 12. Qd2 O-O 13. Rfd1 Re8 14. Rac1 b5 15. b3 1/2-1/2

[Event "EU-ch 2nd"]
[Site "Ohrid"]
[Date "2001.06.14"]
[Round "13"]
[White "Gyimesi, Zoltan"]
[Black "Georgiev, Kiril"]
[Result "1/2-1/2"]
[WhiteElo "2571"]
[BlackElo "2676"]
[PlyCount "100"]
[EventDate "2001.06.01"]
[Source "ChessBase"]
[SourceDate "2001.09.13"]

1. d4 d6 2. e4 e5 3. dxe5 dxe5 4. Qxd8+ Kxd8 5. Bc4 f6 6. Be3 Nd7 7. Nc3 c6 8. a4 Bc5 9. Ke2 Kc7 10. Rd1 b6 11. Nf3 Ne7 12. Ne1 a6 13. Be6 Bxe3 14. Kxe3 Nc5 15. Bxc8 Nxc8 16. Nd3 Nd6 17. b3 Ne6 18. Rd2 a5 19. Rhd1 Rhd8 20. f3 Rd7 21. Ne2 Rad8 22. h4 Nb7 23. Nb2 Rxd2 24. Rxd2 Rxd2 25. Kxd2 b5 26. Ke3 Nd6 27. g4 Nc5 28. Nc3 Kd7 29. h5 Ne6 30. Ne2 Nf7 31. c3 Nc5 32. Nc1 Nd6 33. axb5 cxb5 34. b4 Na4 35. Nd1 Nb6 36. bxa5 Ndc4+ 37. Ke2 Nxa5 38. Ne3 Ke6 39. Nd3 Nb7 40. Nb4 Nd6 41. Kd3 g6 42. hxg6 hxg6 43. Nbd5 Na4 44. Nc7+ Kd7 45. Ncd5 Ke6 46. Nc7+ Kf7 47. Ned5 Nb2+ 48. Ke2 Na4 49. Kd3 Nc5+ 50. Ke2 Na4 1/2-1/2

[Event "WchT 2nd"]
[Site "Luzern"]
[Date "1989.??.??"]
[Round "?"]
[White "Short, Nigel D"]
[Black "Seirawan, Yasser"]
[Result "1-0"]
[WhiteElo "2660"]
[BlackElo "2585"]
[PlyCount "67"]
[EventDate "1989.10.??"]
[Source "ChessBase"]

1. e4 d6 2. d4 g6 3. Be3 Bg7 4. Nc3 a6 5. h4 Nf6 6. f3 b5 7. g4 h5 8. e5 Nfd7 9. gxh5 Rxh5 10. e6 fxe6 11. Bd3 Nf8 12. f4 Rh8 13. Qg4 Bb7 14. Rh3 Bf6 15. O-O-O b4 16. Ne4 Bd5 17. Nf3 Nc6 18. Ne5 dxe5 19. fxe5 Bxe5 20. Nc5 Qc8 21. Bxg6+ Kd8 22. dxe5 Nxe5 23. Nxe6+ Qxe6 24. Qxe6 Nxe6 25. Rxd5+ Nd7 26. Bf5 Nef8 27. Bg5 c6 28. Rd1 Ke8 29. Re3 e5 30. Rd6 c5 31. Rf3 Ra7 32. Re6+ Kf7 33. Re7+ Kg8 34. Rg3 1-0